• 首页
  • 本馆介绍
  • 公告通知
  • 最新文献
  • 馆藏检索
  • 电子资源
  • 读者导购
  • 参考咨询
  • 我的图书馆
  • 登录
  • 详细信息显示
  • 放入我的书架
  • 预约/预借图书
  • 作者相关作品
  • 分类相关作品
  • 丛书相关作品
  • 出版社相关作品

书目信息

  • 表格格式
  • 工作单格式
  • 卡片格式
题名:
美国故事
    
 
作者: 许婷 编著
分册:  
出版信息: 太原   山西教育出版社  2015
页数: 237页
开本: 22cm
丛书名:
单 册:
中图分类: K712.09
科图分类:
主题词:
电子资源:
ISBN: 978-7-5440-7660-9
000 00684nam0 2200217 450
001 3349
005 20180527151555.45
010    @a978-7-5440-7660-9@dCNY19.00
100    @a20151126d2015 em y0chiy0110 ea
101 0  @achi
102    @aCN@b140000
105    @ay z 000yy
200 1  @a美国故事@9mei guo gu shi@f许婷编著
210    @a太原@c山西教育出版社@d2015
215    @a237页@d22cm
330    @a本书以“故事汇”形式,梳理美国往事,讲述美国历史故事,探析其中纷繁奥秘,介绍美国是如何一步一步走到如今世界顶尖大国的地位的。
607    @a美国@x历史@j普及读物
690    @aK712.09@v5
701  0 @a许婷@9xu ting@4编著
801  0 @aCN@b91MARC@c20151126
905    @aMuseLib@dK712.09@e50
    
    美国故事/许婷编著.-太原:山西教育出版社,2015
    237页;22cm
    
    
    ISBN 978-7-5440-7660-9:CNY19.00
    本书以“故事汇”形式,梳理美国往事,讲述美国历史故事,探析其中纷繁奥秘,介绍美国是如何一步一步走到如今世界顶尖大国的地位的。
●
相关链接 在E读中查询图书 在五车中查询图书 在当当中查询图书 在豆瓣中查询图书


正题名:美国故事     索取号:K712.09/50         预约/预借

序号 登录号 条形码 馆藏地/架位号 状态 备注
1 1108854   211088543   第二样本阅览室/ [索取号:K712.09/50] 在馆    
2 1108855   211088552   教育系资料室/ [索取号:K712.09/50] 在馆    
3 1108856   211088561   教育系资料室/ [索取号:K712.09/50] 在馆    
4 1108857   211088570   第二借阅区/ [索取号:K712.09/50] 在馆    
唐山师范学院图书馆 欢迎您!
大连网信软件有限公司© 版权所有